00521nam a2200205 a 4500001001300000003000900013005001700022008004100039020001000080082001800090100002300108245004700131260003600178300000900214500003500223505001100258650001300269650001000282700002300292nice12345678IN_TiNIC20260116011646.0050524s1935 bata grp 000 0 urd  ac10000a294.5921bATM aAtmanand, Al Masih aVedarath Prakash Urf Vedak Tahzeeb, Part 1 aBatalabAtmanand Al-Masihc1935 a144p aincludes index and biblioraphy2 aThesis aHinduism aVedas1 aAtmanand, Al Masih